|
|
|
|
| LEADER |
04675nam a22004817a 4500 |
| 001 |
7934 |
| 003 |
BD-DhAAL |
| 005 |
20230802163520.0 |
| 008 |
141115r20212012bg a|||| b||| 00| 0 eng d |
| 020 |
|
|
|a 9846090072
|
| 040 |
|
|
|a BD-DhAAL
|c BD-DhAAL
|
| 041 |
|
|
|a ben
|
| 082 |
|
|
|2 22
|a 954.92
|
| 100 |
|
|
|a হোসেন, আশফাক.
|9 6011
|
| 245 |
|
|
|a বাংলাদেশের ইতিহাসের রূপরেখা :
|b প্রগৌতিহাসিক কাল থেকে ১৯৭১ পর্যন্ত /
|c আশফাক হোসেন.
|
| 246 |
|
|
|a An outline of the history of Bangladesh:
|b Down to 1971 A.D.
|
| 260 |
|
|
|a ঢাকা :
|b জে. কে. প্রেস এন্ড পাবলিকেশন্স,
|c ২০১২ [পণমুর্দ্রণ ২০২১].
|
| 300 |
|
|
|a xiv, ৬২২ পৃষ্ঠা :
|b চিত্র ;
|c ২২ সে. মি.
|
| 504 |
|
|
|a গ্রন্থপঞ্জিগত নির্দেশিকা অন্তভূক্ত [৬২১-৬২২]
|
| 526 |
|
|
|a GenEd
|
| 541 |
|
|
|a Development book agency
|e 7934,
|
| 651 |
|
|
|a Bangladesh
|x History.
|
| 651 |
|
|
|a Bangladesh.
|
| 942 |
|
|
|2 ddc
|c BK
|
| 999 |
|
|
|c 33037
|d 33037
|
| 952 |
|
|
|0 0
|1 0
|2 ddc
|4 0
|6 954_920000000000000_HOS
|7 1
|9 44048
|a SCL
|b SCL
|c FIC
|d 2014-11-15
|g 280.00
|l 6
|m 46
|o 954.92 HOS
|p 3020007934
|r 2025-11-09
|s 2023-11-29
|t 1
|w 2014-11-15
|y BK
|
| 952 |
|
|
|0 0
|1 0
|2 ddc
|4 0
|6 954_920000000000000_HOS
|7 0
|9 44153
|a SCL
|b SCL
|c GEN
|d 2014-11-23
|g 280.00
|l 14
|m 55
|o 954.92 HOS
|p 3020007931
|r 2024-04-28
|s 2024-02-25
|t 2
|w 2014-11-23
|y BK
|
| 952 |
|
|
|0 0
|1 0
|2 ddc
|4 0
|6 954_920000000000000_HOS
|7 0
|9 44154
|a SCL
|b SCL
|c GEN
|d 2014-11-23
|g 280.00
|l 9
|m 20
|o 954.92 HOS
|p 3020007930
|r 2018-07-01
|s 2018-06-03
|t 3
|w 2014-11-23
|y BK
|
| 952 |
|
|
|0 0
|1 0
|2 ddc
|4 0
|6 954_920000000000000_HOS
|7 0
|9 44155
|a SCL
|b SCL
|c GEN
|d 2014-11-23
|g 280.00
|l 30
|m 75
|o 954.92 HOS
|p 3020008051
|r 2024-09-25
|s 2024-07-06
|t 4
|w 2014-11-23
|y BK
|
| 952 |
|
|
|0 0
|1 0
|2 ddc
|4 0
|6 954_920000000000000_HOS
|7 0
|9 44157
|a SCL
|b SCL
|c GEN
|d 2014-11-23
|g 280.00
|l 28
|m 78
|o 954.92 HOS
|p 3020007933
|r 2025-08-02
|s 2025-07-24
|t 5
|w 2014-11-23
|y BK
|
| 952 |
|
|
|0 0
|1 0
|2 ddc
|4 0
|6 954_920000000000000_HOS
|7 0
|9 44158
|a SCL
|b SCL
|c GEN
|d 2014-11-23
|g 280.00
|l 30
|m 57
|o 954.92 HOS
|p 3020008053
|r 2024-02-28
|s 2024-02-10
|t 6
|w 2014-11-23
|y BK
|
| 952 |
|
|
|0 0
|1 0
|2 ddc
|4 0
|6 954_920000000000000_HOS
|7 0
|9 44159
|a SCL
|b SCL
|c GEN
|d 2014-11-23
|g 280.00
|l 30
|m 54
|o 954.92 HOS
|p 3020008052
|r 2024-07-15
|s 2024-07-06
|t 7
|w 2014-11-23
|y BK
|
| 952 |
|
|
|0 0
|1 0
|2 ddc
|4 0
|6 954_920000000000000_HOS
|7 0
|9 44160
|a SCL
|b SCL
|c GEN
|d 2014-11-23
|g 280.00
|l 26
|m 38
|o 954.92 HOS
|p 3020007932
|r 2025-07-30
|s 2025-07-27
|t 8
|w 2014-11-23
|y BK
|
| 952 |
|
|
|0 0
|1 0
|2 ddc
|4 0
|6 954_920000000000000_HOS
|7 0
|9 74030
|a SCL
|b SCL
|c GEN
|d 2023-07-16
|e Development Book Agency
|g 280.00
|l 9
|m 19
|o 954.92 HOS
|p 3020041578
|r 2025-03-17
|s 2025-03-07
|t 12
|v 280.00
|w 2023-07-16
|y BK
|
| 952 |
|
|
|0 0
|1 0
|2 ddc
|4 0
|6 954_920000000000000_HOS
|7 0
|9 74031
|a SCL
|b SCL
|c GEN
|d 2023-07-16
|e Development Book Agency
|g 280.00
|l 11
|m 15
|o 954.92 HOS
|p 3020041579
|r 2025-11-12
|s 2025-09-03
|t 13
|v 280.00
|w 2023-07-16
|y BK
|
| 952 |
|
|
|0 0
|1 0
|2 ddc
|4 0
|6 954_920000000000000_HOS
|7 0
|9 74032
|a SCL
|b SCL
|c GEN
|d 2023-07-16
|e Development Book Agency
|g 280.00
|l 9
|m 16
|o 954.92 HOS
|p 3020041580
|r 2025-03-23
|s 2025-03-15
|t 14
|v 280.00
|w 2023-07-16
|y BK
|
| 952 |
|
|
|0 0
|1 0
|2 ddc
|4 0
|6 954_920000000000000_HOS
|7 0
|9 74033
|a SCL
|b SCL
|c GEN
|d 2023-07-16
|e Development Book Agency
|g 280.00
|l 11
|m 38
|o 954.92 HOS
|p 3020041575
|r 2025-09-12
|s 2025-08-31
|t 9
|v 280.00
|w 2023-07-16
|y BK
|
| 952 |
|
|
|0 0
|1 0
|2 ddc
|4 0
|6 954_920000000000000_HOS
|7 0
|9 74034
|a SCL
|b SCL
|c GEN
|d 2023-07-16
|e Development Book Agency
|g 280.00
|l 11
|m 17
|o 954.92 HOS
|p 3020041576
|r 2025-05-03
|s 2025-04-25
|t 10
|v 280.00
|w 2023-07-16
|y BK
|
| 952 |
|
|
|0 0
|1 0
|2 ddc
|4 0
|6 954_920000000000000_HOS
|7 0
|9 74035
|a SCL
|b SCL
|c GEN
|d 2023-07-16
|e Development Book Agency
|g 280.00
|l 11
|m 31
|o 954.92 HOS
|p 3020041577
|r 2025-08-03
|s 2025-07-30
|t 11
|v 280.00
|w 2023-07-16
|y BK
|
| 952 |
|
|
|0 0
|1 0
|2 ddc
|4 0
|6 954_920000000000000_HOS
|7 0
|9 74036
|a SCL
|b SCL
|c GEN
|d 2023-07-16
|e Development Book Agency
|g 280.00
|l 12
|m 19
|o 954.92 HOS
|p 3020041581
|r 2025-08-03
|s 2025-07-31
|t 15
|v 280.00
|w 2023-07-16
|y BK
|
| 952 |
|
|
|0 0
|1 0
|2 ddc
|4 0
|6 954_920000000000000_HOS
|7 0
|9 74037
|a SCL
|b SCL
|c GEN
|d 2023-07-16
|e Development Book Agency
|g 280.00
|l 3
|m 21
|o 954.92 HOS
|p 3020041582
|r 2024-06-23
|s 2024-06-03
|t 16
|v 280.00
|w 2023-07-16
|y BK
|
| 952 |
|
|
|0 0
|1 0
|2 ddc
|4 0
|6 954_920000000000000_HOS
|7 0
|9 74038
|a SCL
|b SCL
|c GEN
|d 2023-07-16
|e Development Book Agency
|g 280.00
|l 13
|m 7
|o 954.92 HOS
|p 3020041583
|r 2025-03-23
|s 2025-03-20
|t 17
|v 280.00
|w 2023-07-16
|y BK
|
| 952 |
|
|
|0 0
|1 0
|2 ddc
|4 0
|6 954_920000000000000_HOS
|7 0
|9 74039
|a SCL
|b SCL
|c GEN
|d 2023-07-16
|e Development Book Agency
|g 280.00
|l 12
|m 18
|o 954.92 HOS
|p 3020041584
|r 2025-03-22
|s 2025-03-12
|t 18
|v 280.00
|w 2023-07-16
|y BK
|